El crimen casi perfecto /

La señora Stevens está muerta. Los sospechosos son sus hermanos, pero los tres tienen sólidas coartadas. Solo un detective de particular mirada será capaz de resolver un crimen que parece perfecto. Roberto Arlt, autor clave de la literatura y el periodismo argentino, y Decur, ilustrador autodidacta...

Descripción completa

Guardado en:
Autor Principal: Arlt, Roberto.
Otros Autores: Decur; il.
Formato: Libro
Idioma:Undetermined
Publicado: Buenos Aires : Ojoreja, 2023.
Edición:1a ed.
Series:Identidades bonaerenses
Materias:
Etiquetas: Agregar Etiqueta
Sin Etiquetas, Sea el primero en etiquetar este registro!
LEADER 01592nam a22002775a 4500
001 CEM.cems024875
008 250825s2023####ag############000#0#und#d
005 20260616161603.0
245 1 0 |a El crimen casi perfecto /  |c Roberto Arlt ; ilustrado por Decur. 
250 |a 1a ed. 
260 |a Buenos Aires :  |b Ojoreja,  |c 2023. 
300 |a 23 p. 
490 1 |a Identidades bonaerenses 
500 |a Edición especial de la Dirección de Cultura y Educación de la Provincia de Buenos Aires. 
500 |a Sugerencia de edad: a partir de ciclo básico. 
520 |a La señora Stevens está muerta. Los sospechosos son sus hermanos, pero los tres tienen sólidas coartadas. Solo un detective de particular mirada será capaz de resolver un crimen que parece perfecto. Roberto Arlt, autor clave de la literatura y el periodismo argentino, y Decur, ilustrador autodidacta de intensa trayectoria, dan vida a este libro ilustrado de gran calidad y factura. Buena puerta de ingreso al policial de la mano de estas dos miradas en las que se perciben lejanamente el tránsito entre la ciudad, el suburbio fabril y la distancia de los pueblos de la llanura. 
020 |a 9789873969720 
100 1 |a Arlt, Roberto. 
700 1 |a Decur; il. 
653 |a Literatura argentina 
653 |a Cuento argentino 
653 |a Libro ilustrado 
653 |a Identidades bonaerenses 
859 |a CEMS  |b BIB. CEMS - Ccias. Educacion  |h A868.4  |i Ar75  |k CE  |p 30054.25  |t Ej.1 
859 |a CEMS  |b BIB. CEMS - 11 de abril  |h A868.4  |i Ar75-4  |p 30052.25  |t Ej.1 
859 |a CEMS  |b BIB. CEMS - 11 de abril  |h A868.4LS2  |i Ar75-4  |p 30053.25  |t Ej.2